Moje najlepšie recepty

Bibliographic Details
Main Author: Zjavková, Mária, 1964- (Author)
Corporate Author: Adobe Stock (Photographer)
Other Authors: Zjavka, Vladimír (Photographer), Pišný, Michal, 1977- (Photographer)
Format: Book
Language:Slovak
PhysicalDescription:204 strán 26 cm
Published: Martin Vydavateľstvo Matice slovenskej 2020
ISBN:9788081153082
Subjects:

MARC

LEADER 00000cam a2200000 4500
001 vtls012084920
003 SK-MaSNL
005 20260302010214.0
008 220126s2020 xo o grf 000 0 slo
020 |a 9788081153082  |q (viazané) 
040 |a SNK  |b slo  |c SNK  |e rda 
041 0 |a slo 
044 |a xo  |c SK 
072 7 |a 641  |x Kuchárstvo. Potraviny. Varené jedlá  |2 konspekt 
080 |a 641.526.2  |2 2011 
080 |a 641.522.5  |2 2011 
080 |a (083.12)  |2 2011 
080 |a (035)  |2 2011 
100 1 |a Zjavková, Mária,  |d 1964-  |4 aut  |9 79530 
245 1 0 |a Moje najlepšie recepty  |c Mária Zjavková ; fotografie Vladimír Zjavka, Adobe Stock, Michal Pišný 
264 1 |a Martin  |b Vydavateľstvo Matice slovenskej  |c 2020 
300 |a 204 strán  |c 26 cm 
336 |a text  |b txt  |2 rdacontent 
336 |a statický obraz  |b sti  |2 rdacontent 
337 |a bez média  |b n  |2 rdamedia 
338 |a zväzok  |b nc  |2 rdacarrier 
650 0 7 |a pečenie (príprava jedál)  |2 SNKPH  |9 55369 
650 0 7 |a dusenie (príprava jedál)  |2 SNKPH  |9 55371 
650 0 7 |a Baking  |2 SNKPHeng  |9 327158 
650 0 7 |a Braising (Cooking)  |2 SNKPHeng  |9 648696 
655 7 |a kuchárske recepty  |2 SNKPH  |9 70493 
655 7 |a príručky  |2 SNKPH  |9 74364 
655 7 |a Cookbooks  |2 SNKPHeng  |9 270340 
655 7 |a Handbooks, manuals, etc.  |2 SNKPHeng  |9 90964 
700 1 |a Zjavka, Vladimír  |4 pht  |9 134665 
700 1 |a Pišný, Michal,  |d 1977-  |4 pht  |9 183563 
710 2 |a Adobe Stock  |4 pht  |9 568294 
919 |a 978-80-8115-308-2 
999 |c 1002321  |d 1004251 
952 |a SNK  |b SNK  |y PREZ  |7 0  |p 17A1471415  |o snkSB 97668  |i snk2022/1426  |8 0  |0 0  |1 0  |4 0  |d 2022-01-26  |f 1  |l 0  |r 2025-05-16 00:00:00  |w 2026-02-24 
952 |a SNK  |b SNK  |y VYP  |7 0  |p 17A1471416  |o snkSB 97668 D1  |i snk2022/1427  |8 0  |0 0  |1 0  |4 0  |d 2022-01-26  |l 0  |r 2026-02-24 12:24:45  |w 2026-02-24